000 00888na a2200301 4500
001 15765
003 MIRAKIL
005 20181213155146.0
008 161001b tu 000 0
020 _a9755330569
035 _a15765
040 _aMilas
_btur
_cTR-AnCHP
041 _atur
082 _a324.256107
_bK23s 1993
090 _a324.256107 K23s 1993
100 _aKahraman, Hasan Bülent
_d1957 -
245 _aSosyal demokrasi
_bTürkiye ve partileri
_cHasan Bülent Kahraman
246 _aTürkiye ve partileri
260 _aAnkara
_bİmge kitabevi
_c1993
300 _a240 s.
490 _aİmge kitabevi yayınları
_v74
500 _aKitap yazarından imzalıdır.
650 _aSosyal demokrat partiler
_zTürkiye
650 _aSosyal demokrasi
_zTürkiye
650 _aSiyasal partiler
_zTürkiye
657 _aSiyasal partiler
_zTürkiye
942 _2ddc
_cBKS
999 _c7666
_d7666